000 00654nam a2200265Ia 4500
005 20260121170052.0
008 008 260114s9999 xx 000 0 eng d
020 _a9783662530085
037 _aEBOOK
040 _aCRL
040 _beng
040 _cCRL
041 _2eng
041 _aeng
084 _qCRL
100 _aMatthew Robshaw, Jonathan Katz
_91059431
245 0 _aAdvances in Cryptology – CRYPTO 2016
260 _bSpringer
260 _bSpringer
260 _c2016
856 _uhttps://link.springer.com/openurl?genre=book&isbn=978-3-662-53008-5
942 _cEBOOK
999 _c1625160
_d1625160